000 00364nam a2200121Ia 4500
005 20260326235447.0
008 260326s9999||||xx |||||||||||||| ||und||
100 _aFox, Robert W.
245 0 _aTendencia del Crecimiento de la Población Urbana en América Latina /
_cRobert W. Fox
260 _bBanco Interamericano de Desarrollo
650 _aURBANISMO
942 _cBK
999 _c7611
_d7611